| 000 | 01032cac a22003131a 4500 | ||
|---|---|---|---|
| 999 |
_c1748 _d1748 |
||
| 003 | EG-ScBUE | ||
| 005 | 20200111112304.0 | ||
| 008 | 100922r19641958nyu f 001 0 eng d | ||
| 035 | _a(OCoLC)327980 | ||
| 040 |
_aEG-ScBUE _beng _erda _cEG-ScBUE _dEG-ScBUE |
||
| 082 | 0 | 4 |
_a809 _bLEW _222 |
| 100 | 1 |
_aLewis, C. S. _q(Clive Staples), _d1898-1963, _eauthor. _919710 |
|
| 245 | 1 | 4 |
_aThe Allegory of Love : _ba study in medieval tradition / _cby C. S. Lewis. |
| 250 | _aSeventh printing. | ||
| 264 | 1 |
_aNew York : _bOxford University Press, _c1964. |
|
| 300 |
_a378 pages ; _c22 cm. |
||
| 336 |
_2rdacontent _atext _btxt |
||
| 337 |
_2rdamedia _aunmediated _bn |
||
| 338 |
_2rdacarrier _avolume _bnc |
||
| 490 | 0 | _aA galaxy book | |
| 500 | _aIncludes index. | ||
| 590 | _aBilal | ||
| 650 | 7 |
_aCourtly love. _2BUEsh _919712 |
|
| 650 | 7 |
_aAllegory. _2BUEsh _919713 |
|
| 650 | 7 |
_aLiterature, Comparative _xThemes, motives. _2BUEsh _919714 |
|
| 653 |
_bHHUUEENN _cJuly2019 |
||
| 655 | _vReading book | ||
| 942 |
_cBB _k809 LEW _2ddc |
||